| 000 | 00830nam a22002177a 4500 | ||
|---|---|---|---|
| 003 | DO-SdBNP | ||
| 005 | 20250221073755.0 | ||
| 008 | 100407s2015 dr d 000 0 spa d | ||
| 020 | _a9789945898484 | ||
| 040 |
_aDO-SdBNP _bspa _cBNPHU |
||
| 082 |
_axxx _bxxxx |
||
| 245 | 0 | 0 |
_aPerfiles estadísticos provinciales : _bprovincia Puerto Plata / _cpresentación Pablo Tactuk. |
| 260 |
_aSanto Domingo : _bONE, _c2015. |
||
| 300 |
_a32 p. : _bdiagr. ; _c28 cm. |
||
| 500 | _aEsta publicación cuenta con el apoyo del Fondo de las Naciones Unidas para la infancia (UNICEF) y el Fondo de Población de las Naciones Unidas (UNFPA). | ||
| 590 | _aInventariado, 2022/ YL | ||
| 700 |
_aTactuk, Pablo _epres. _95774 |
||
| 710 | 1 |
_aRepública Dominicana. _bOficina Nacional de Estadística _95775 |
|
| 910 | _aYLockward | ||
| 942 |
_2ddc _cLF1 |
||
| 999 |
_c51551 _d51551 |
||